000 00582nam a2200229Ia 4500
003 OSt
005 20221007071808.0
006 a|||||r|||| 00| 0
007 ta
008 221006b |||||||| |||| 00| 0 eng d
024 _a19,506
037 _cTextual
040 _aFLL
_cFLL
_beng
041 _2eng
_aeng
082 _aZ1z7, H5
100 _aKeeton G.W.
_999801
245 0 _aPath to peace
260 _aLondon
_bInstitute of world affairs England
_c1945
300 _a114p
_ccm.
942 _hZ1z7, H5
_cTEXL
_2CC
999 _c1144347
_d1144347